| 000 | 00653nam a2200241Ia 4500 | ||
|---|---|---|---|
| 008 | 171120s9999 xx 000 0 und d | ||
| 020 | _a9710867563 | ||
| 050 | _a345.59 | ||
| 050 | _bA659 2007 | ||
| 100 | _aAralar, Reynaldo | ||
| 245 | _aComments on the anti-money laundering law / | ||
| 245 | _cby Reynaldo Aralar. | ||
| 260 | _aPhilippines : | ||
| 260 | _bNational Book Store, | ||
| 260 | _c2007 | ||
| 300 | _a141 pages : | ||
| 300 | _billustrations ; | ||
| 300 | _c22cm. | ||
| 500 | _aIncludes appendix. | ||
| 650 | _aMoney laundering -- | ||
| 650 | _xLaw and legislation --Philippines -- Criminal provisions. | ||
| 700 | _aTitle. | ||
| 999 |
_c345246 _d345246 |
||